000 00583nam a2200169 i 4500
001 26260
003 ES-MaACL
005 20230906153419.0
007 t|
008 030108s1967 sp ||||1| spa d
100 1 _aArozamena, Jesús María de.
_923173
245 1 0 _aSan Sebastián
_b: excursión escolar por el ayer y el anteayer de nuestro pueblo /
_cJesús Mª de Arozamena, José Berruezo.
260 _aSan Sebastián :
_bCaja de Ahorros Municipal,
_c1967.
300 _a167 p., 6 lám. ;
_c26 cm.
700 1 _aBerruezo, José.
_928398
852 _aES-MaACL
_jC-34327
_bR.65257
999 _c26260
_d26260